[Event "DSOL 07 Liga Gr-A 1st"]
[Site "Playchess.com INT"]
[Date "2020.07.24"]
[Round "5.2"]
[White "Hirning, Maxim"]
[Black "Fox, Sascha"]
[Result "0-1"]
[WhiteElo "1397"]
[BlackElo "1763"]
[PlyCount "48"]
[EventDate "2020.06.22"]
[EventType "team-tourn (rapid)"]
[EventCountry "GER"]
[SourceTitle "EXT 2021"]
[Source "ChessBase"]
[SourceDate "2020.10.23"]
[SourceVersion "1"]
[SourceVersionDate "2020.10.23"]
[SourceQuality "1"]
[WhiteTeam "Bettringen"]
[BlackTeam "Erbendorf"]
[WhiteTeamCountry "GER"]
[BlackTeamCountry "GER"]

1. e4 e5 2. Nf3 Nf6 3. Nxe5 d6 4. Nf3 Nxe4 5. d3 Nf6 6. g3 Nc6 7. Bg2 Be7 8. 0-0 0-0 9. Nc3 Re8 10. Re1 Bg4 11. Bg5 Qd7 12. Qd2 h6 13. Bxf6 Bxf6 14. Rxe8+ Rxe8 15. Nd5 Qf5 16. Nxf6+ Qxf6 17. Nh4 Re2 18. Qf4 Qxf4 19. gxf4 Rxc2 20. b4 Nxb4 21. Bxb7 Rxa2 22. Rb1 a5 23. Rc1 Nxd3 24. Rxc7 Bh3 0-1

[Event "DSOL 07 Liga Gr-A 1st"]
[Site "Playchess.com INT"]
[Date "2020.07.15"]
[Round "4.2"]
[White "Fox, Sascha"]
[Black "Echt, Pascal"]
[Result "1-0"]
[WhiteElo "1763"]
[BlackElo "1335"]
[PlyCount "89"]
[EventDate "2020.06.22"]
[EventType "team-tourn (rapid)"]
[EventCountry "GER"]
[SourceTitle "EXT 2021"]
[Source "ChessBase"]
[SourceDate "2020.10.23"]
[SourceVersion "1"]
[SourceVersionDate "2020.10.23"]
[SourceQuality "1"]
[WhiteTeam "Erbendorf"]
[BlackTeam "Hamburger SK IX"]
[WhiteTeamCountry "GER"]
[BlackTeamCountry "GER"]

1. d4 d5 2. Nf3 c6 3. e3 Nf6 4. Bd3 a6 5. Nbd2 Bg4 6. c4 e6 7. Qb3 Ra7 8. Ne5 Bf5 9. 0-0 Bxd3 10. Qxd3 Nbd7 11. f4 Be7 12. b3 0-0 13. Bb2 Bb4 14. Ndf3 Nxe5 15. fxe5 Ne4 16. a3 Be7 17. Nd2 Nxd2 18. Qxd2 f5 19. Rac1 b6 20. Rc2 Rc7 21. Rfc1 Qd7 22. Qe2 a5 23. a4 c5 24. cxd5 Qxd5 25. Qc4 Qxc4 26. Rxc4 Rfc8 27. Ba3 Kf7 28. Kf2 h6 29. Ke2 Ke8 30. Kd3 Kd7 31. e4 Bg5 32. Rf1 g6 33. d5 fxe4+ 34. Kxe4 exd5+ 35. Kxd5 Re8 36. Re4 Kc8 37. e6 Ree7 38. Bb2 Re8 39. Be5 Rd8+ 40. Kc4 Rc6 41. Bf6 Bxf6 42. Rxf6 Rd4+ 43. Rxd4 cxd4+ 44. Kxd4 Kd8 45. e7+ 1-0

[Event "Fellbach Oeffingen op 2nd"]
[Site "Fellbach Oeffingen"]
[Date "2011.06.14"]
[Round "7"]
[White "Fox, Sascha"]
[Black "Kaplunov, Vadym"]
[Result "1/2-1/2"]
[WhiteElo "1796"]
[BlackElo "1932"]
[PlyCount "62"]
[EventDate "2011.06.11"]
[EventType "swiss"]
[EventRounds "7"]
[EventCountry "GER"]
[SourceTitle "CBM 142 Extra"]
[Source "ChessBase"]
[SourceDate "2011.06.27"]
[SourceVersion "1"]
[SourceVersionDate "2011.06.27"]
[SourceQuality "1"]

1. d4 d5 2. e3 Nf6 3. Bd3 e6 4. Nd2 c5 5. c3 Be7 6. f4 b6 7. Ngf3 Bb7 8. Ne5 Nbd7 9. 0-0 g6 10. Qf3 Qc7 11. Qh3 Nxe5 12. fxe5 Nh5 13. g4 Ng7 14. Qh6 Bf8 15. Qf4 a6 16. Qf6 Ra7 17. Nf3 c4 18. Bc2 Ba8 19. Ng5 Qe7 20. Bd2 h6 21. Nxf7 Qxf6 22. exf6 Kxf7 23. fxg7+ Kxg7 24. Rf2 Bd6 25. Raf1 Rf8 26. Rxf8 Bxf8 27. Bxg6 Bd6 28. Bh5 e5 29. Be1 exd4 30. exd4 Re7 31. Bh4 Re2 1/2-1/2